| 000 | 00841nam a22001817a 4500 | ||
|---|---|---|---|
| 999 |
_c371565 _d371565 |
||
| 008 | 201127b ||||| |||| 00| 0 eng d | ||
| 040 |
_aDE-2950 _bger _cDE-2950 _erda |
||
| 041 | _ager | ||
| 245 |
_aWen Frankfurt zum Ehrenbürger machte. _bStadtgeschichte: 31 Namen von verdienten Persönlichkeiten enthält die Ehrenbürgerliste der Stadt. Wann und warum die ersten Bürger auf diese Weise geehrt wurden, wem die Würde zu Teil wurde - und wer die Ehrenbürgerschaft wieder aberkannt bekam/ _cRalf-Rüdiger Targiel |
||
| 264 | _c2022 | ||
| 653 | _aFrankfurt (Oder) | ||
| 653 | _aEhrenbürger | ||
| 773 |
_dFrankfurt (Oder) Märkisches Verlags- und Druckhaus GmbH & Co KG _tMärkische Oderzeitung _g33. Jahrgang (2022) Nr. 80 vom 05.04.2022, S. 16 |
||
| 942 | _cA | ||